00379nam a2200133Ia 4500008004100000020001700041040002900058050002500087100001600112245006000128260003500188942000700223999001500230230104s9999||||xx |||||||||||||| ||und|| a788126523931 cChuka University Library aHF 5635 bK535 2010  aKimmel Paul 0aFinancial Accounting:tools for business decision making aJohn Willey and SonsbUKc2010 cBK c4874d4874